| 000 | 00908cam a2200241 4500 | ||
|---|---|---|---|
| 001 | ABS65251 | ||
| 008 | 020402n2002 000 0 eng u | ||
| 035 | _a(Sirsi) u117292 | ||
| 100 | _aBerry, B. | ||
| 245 | 2 | _aA brief guide to the European Union | |
| 260 | _c2002 | ||
| 490 |
_aRICS Rural Professional _v(7) February/March 2002, 42-43(2) |
||
| 520 | _aAn article for students which gives a brief overview of the main institutions of the European Union. The three principal institutions of the EU are the European Council, European Parliament and the European Commission. Also discusses the law courts; subsidiary bodies and the legislative process. | ||
| 590 | _aABS | ||
| 650 | _aEUROPEAN UNION | ||
| 650 | _aEUROPEAN COUNCIL | ||
| 650 | _aEUROPEAN PARLIAMENT | ||
| 650 | _aEUROPEAN COMMISSION | ||
| 650 | _aLAW COURTS | ||
| 650 | _aLEGISLATIVE PROCESS | ||
| 690 | _aEUROPE | ||
| 942 | _n0 | ||
| 999 |
_c69877 _d69877 |
||